Alle Spieler mit Rückennummer 4 der Bundesliga 2024/25 - Statistiken

Allgemein
  • Dieses Quiz wurde 40 mal gespielt
  • Das Durchschnittsergebnis liegt bei 8 aus 14
Antwortstatistiken
Verein Nation Spieler % Korrekt
RB Leipzig Ungarn Willi Orban
97%
Bayer 04 Leverkusen Deutschland Jonathan Tah
94%
Borussia Dortmund Deutschland Nico Schlotterbeck
94%
Eintracht Frankfurt Deutschland Robin Koch
76%
FC Augsburg England Reece Oxford
70%
1. FC Union Berlin Portugal Diogo Leite
61%
VfB Stuttgart Deutschland Josha Vagnoman
58%
SV Werder Bremen Deutschland Niklas Stark
58%
VfL Bochum Serbien Erhan Masovic
39%
VfL Wolfsburg Griechenland Konstantinos Koulierakis
39%
1. FSV Mainz 05 Marokko Aymen Barkok
30%
1. FC Heidenheim Deutschland Tim Siersleben
30%
FC St. Pauli Österreich David Nemeth
18%
Holstein Kiel Deutschland Patrick Erras
12%
Keine übereinstimmenden Quizze gefunden
Verteilung der Resultate
Anzahl Personen mit jedem Resultat
Perzentil nach korrekt beantworteten Fragen
Ihre Resultats-Entwicklung
Sie haben dieses Quiz noch nicht gespielt